ՀՀ Գիտությունների ազգային ակադեմիայի հիմնարար գիտական գրադարան  =   Fundamental Scientific Library of NAS RA

Հայրեր եւ զաւակներ : (Record no. 10251)

MARC details
000 -LEADER
fixed length control field 00852nam a2200205 a 4500
001 - CONTROL NUMBER
control field 000025101
003 - CONTROL NUMBER IDENTIFIER
control field AM-YEHGA
005 - DATE AND TIME OF LATEST TRANSACTION
control field 20250618070854.0
008 - FIXED-LENGTH DATA ELEMENTS--GENERAL INFORMATION
fixed length control field 000928s1911 ai |||||||||||||||||arm d
040 ## - CATALOGING SOURCE
Original cataloging agency AM-YeHGA
041 1# - LANGUAGE CODE
Language code of text/sound track or separate title arm
090 ## - LOCALLY ASSIGNED LC-TYPE CALL NUMBER (OCLC); LOCAL CALL NUMBER (RLIN)
-- 10326
100 1# - MAIN ENTRY--PERSONAL NAME
Personal name Շիմկեվիչ, Վ.Մ.
245 10 - TITLE STATEMENT
Title Հայրեր եւ զաւակներ :
Remainder of title (Կենդանաբանական պատկեր) ; (Հեղինակի թարգմանչին ուղղած նամակով, պատկերով, և 15 նկարներով) /
Statement of responsibility, etc. Վ.Մ. Շիմկեվիչ ; Թարգմ.՝ Վահ. Մամիկոնեան.
260 ## - PUBLICATION, DISTRIBUTION, ETC.
Place of publication, distribution, etc. Երևան :
Name of publisher, distributor, etc. Էլեքտրաշարժ տպարան Ե. Ավետիքեանի ,
Date of publication, distribution, etc. 1911.
300 ## - PHYSICAL DESCRIPTION
Extent 54, 9 չհ. էջ
650 14 - SUBJECT ADDED ENTRY--TOPICAL TERM
Topical term or geographic name entry element Կենդանաբանություն
9 (RLIN) 5185
700 1# - ADDED ENTRY--PERSONAL NAME
Personal name Մամիկոնյան, Վահ.
Relator term թարգմ.
Relationship trl
942 ## - ADDED ENTRY ELEMENTS (KOHA)
Source of classification or shelving scheme Universal Decimal Classification
Koha item type Գրքեր / Books
Holdings
Withdrawn status Lost status Damaged status Not for loan Collection Home library Current library Date acquired Total checkouts Full call number Barcode Date last seen Price effective from Koha item type Public note Cost, replacement price Source of classification or shelving scheme
        General Fundamental Scientific Library Fundamental Scientific Library 21/12/2016   AII/13952 FL0067557 21/12/2016 21/12/2016 Գրքեր / Books 30 Days Loan    
        General Fundamental Scientific Library Fundamental Scientific Library 21/12/2016   AII/19281 FL0007844 21/12/2016 21/12/2016 Գրքեր / Books 30 Days Loan 50.00  
        Kusikian Individual Collection Fundamental Scientific Library Fundamental Scientific Library 23/02/2021   Կուս/2268 FL0638489 23/02/2021 23/02/2021 Գրքեր / Books ILL Non Circ.   Universal Decimal Classification


ՀՀ ԳԱԱ հիմնարար գիտական գրադարան
ՀՀ,Երևան 0019
Մարշալ Բաղրամյան 24/6
հեռախոս:(374-10) 52-47-50
Հետադարձ կապ

All site content, except where otherwise noted, is licensed under a
Creative Commons License